[Event "RUS-chT2"]
[Site "Sochi"]
[Date "2022.05.02"]
[Round "2.3"]
[White "Plyasunov, Daniil"]
[Black "Rashkovsky, Nukhim N"]
[Result "1-0"]
[WhiteElo "2154"]
[BlackElo "2441"]
[PlyCount "73"]
[EventDate "2022.05.01"]
[EventType "team-swiss"]
[EventRounds "9"]
[EventCountry "RUS"]
[SourceTitle "CBM 208 Extra"]
[Source "ChessBase"]
[SourceDate "2022.07.31"]
[SourceVersion "1"]
[SourceVersionDate "2022.07.31"]
[SourceQuality "1"]
[WhiteTeam "Novosibirsk Region NGTU"]
[BlackTeam "Russia Veterans"]
[WhiteTeamCountry "RUS"]
[BlackTeamCountry "RUS"]

1. e4 c5 2. Nc3 d6 3. d4 cxd4 4. Qxd4 Nc6 5. Qd2 a6 6. b3 e6 7. Bb2 b5 8. 0-0-0 Bb7 9. Kb1 Nf6 10. f3 h5 11. Nh3 Qc7 12. Bxb5 axb5 13. Nxb5 Qb8 14. c4 Be7 15. Nxd6+ Bxd6 16. Qxd6 Qxd6 17. Rxd6 Ke7 18. Rhd1 Rhd8 19. Rxd8 Rxd8 20. Rxd8 Kxd8 21. Nf4 h4 22. h3 Ke8 23. Nd3 Ne7 24. Kc2 Nxe4 25. fxe4 Bxe4 26. Bxg7 Ng6 27. Kd2 Bxg2 28. Nf2 f5 29. Ke3 Kf7 30. Bc3 e5 31. Nd3 Ke6 32. Bxe5 Bxh3 33. Nf4+ Nxf4 34. Bxf4 Bg4 35. Kd4 Kd7 36. Kc5 h3 37. Kb6 1-0

[Event "WchT Seniors 65"]
[Site "Prague"]
[Date "2020.03.09"]
[Round "4.2"]
[White "Rashkovsky, Nukhim N"]
[Black "Boudre, Jean Pierre"]
[Result "1-0"]
[WhiteElo "2440"]
[BlackElo "2263"]
[PlyCount "99"]
[EventDate "2020.03.06"]
[EventType "team-swiss"]
[EventRounds "7"]
[EventCountry "CZE"]
[SourceTitle "CBM 195 Extra"]
[Source "ChessBase"]
[SourceDate "2020.05.31"]
[SourceVersion "1"]
[SourceVersionDate "2020.05.31"]
[SourceQuality "1"]
[WhiteTeam "Russia 65"]
[BlackTeam "France 65"]
[WhiteTeamCountry "RUS"]
[BlackTeamCountry "FRA"]

1. Nf3 c5 2. g3 b6 3. Bg2 Bb7 4. 0-0 Nf6 5. d3 g6 6. e4 d6 7. e5 dxe5 8. Nxe5 Bxg2 9. Kxg2 Qd5+ 10. Qf3 Qxf3+ 11. Kxf3 Nd5 12. c3 Bg7 13. Re1 Bxe5 14. Rxe5 e6 15. Re1 Nc6 16. Na3 0-0-0 17. Nc4 Rhe8 18. a4 f6 19. h4 h5 20. Bh6 Rd7 21. Rad1 Nc7 22. Ke2 e5 23. Bc1 Kb7 24. f3 a6 25. Nd2 f5 26. Nb3 Ne6 27. Bg5 b5 28. axb5 axb5 29. Ra1 Kb6 30. Ra2 Ra7 31. Rxa7 Nxa7 32. Be3 f4 33. Bf2 fxg3 34. Bxg3 Nc6 35. Kd2 c4 36. Bf2+ Kc7 37. dxc4 bxc4 38. Nc5 Kd6 39. Ne4+ Kc7 40. Rg1 Nf4 41. Kc2 Rf8 42. Bc5 Rd8 43. Nd2 Rd3 44. Nxc4 Rxf3 45. Bd6+ Kb7 46. Bxe5 Rf2+ 47. Kb3 Nd3 48. Bd6 Rf6 49. Rd1 Nf2 50. Re1 1-0

[Event "WchT Seniors 65"]
[Site "Rhodes"]
[Date "2019.04.21"]
[Round "6.1"]
[White "Rashkovsky, Nukhim N"]
[Black "Maryasin, Boris Feliksovich"]
[Result "1-0"]
[WhiteElo "2488"]
[BlackElo "2297"]
[PlyCount "107"]
[EventDate "2019.04.16"]
[EventType "team-swiss"]
[EventRounds "9"]
[EventCountry "GRE"]
[SourceTitle "CBM 190 Extra"]
[Source "ChessBase"]
[SourceDate "2019.07.15"]
[SourceVersion "1"]
[SourceVersionDate "2019.07.15"]
[SourceQuality "1"]
[WhiteTeam "Russia 65+"]
[BlackTeam "Israel"]
[WhiteTeamCountry "RUS"]
[BlackTeamCountry "ISR"]

1. d4 Nf6 2. Nf3 e6 3. c4 d5 4. e3 b6 5. Nc3 Bb7 6. Qa4+ c6 7. cxd5 exd5 8. Bd3 Bd6 9. e4 dxe4 10. Nxe4 Be7 11. 0-0 0-0 12. Nxf6+ Bxf6 13. Be4 Qd6 14. g3 Na6 15. Bf4 Qd7 16. Rac1 b5 17. Qc2 c5 18. dxc5 Nxc5 19. Bxb7 Nxb7 20. Rfd1 Qg4 21. Qe4 Na5 22. Ne5 Qe6 23. Qd5 Nc4 24. Qxe6 fxe6 25. Nxc4 bxc4 26. Rxc4 Bxb2 27. Rc6 e5 28. Be3 a5 29. a4 Rac8 30. Rdd6 Bc3 31. Kf1 Bb4 32. Re6 Rxc6 33. Rxc6 Kf7 34. Ke2 Rd8 35. g4 Rd7 36. h4 h6 37. Kf3 Rd1 38. Ke4 Ra1 39. Kf5 Rxa4 40. Rc7+ Kg8 41. g5 hxg5 42. hxg5 Ra3 43. Rc8+ Kf7 44. g6+ Ke7 45. Rg8 Rc3 46. Rxg7+ Kf8 47. Rb7 Rc8 48. Bg5 e4 49. Kxe4 Bc3 50. f4 Ra8 51. f5 a4 52. f6 a3 53. Bh6+ Kg8 54. Rg7+ 1-0

[Event "Bled Planinc Memorial 1st"]
[Site "Bled"]
[Date "2018.11.24"]
[Round "4"]
[White "Rashkovsky, Nukhim N"]
[Black "Lederman, Leon S"]
[Result "1/2-1/2"]
[WhiteElo "2482"]
[BlackElo "2255"]
[PlyCount "85"]
[EventDate "2018.11.24"]
[EventType "swiss (blitz)"]
[EventRounds "9"]
[EventCountry "SLO"]
[SourceTitle "CBM 187 Extra"]
[Source "ChessBase"]
[SourceDate "2018.11.04"]
[SourceVersion "1"]
[SourceVersionDate "2018.11.04"]
[SourceQuality "1"]

1. d4 Nf6 2. Nf3 e6 3. c4 d5 4. e3 c6 5. b3 Nbd7 6. Bd3 Bd6 7. Bb2 0-0 8. 0-0 Qe7 9. Nc3 e5 10. dxe5 Nxe5 11. Nxe5 Qxe5 12. g3 Bh3 13. Re1 Qg5 14. cxd5 cxd5 15. Nb5 Bb4 16. Bc3 Bxc3 17. Nxc3 Rfe8 18. Rc1 Rad8 19. Nb5 Ne4 20. Qf3 Bg4 21. Qf4 Qh5 22. Bxe4 dxe4 23. Nd6 Bf3 24. h4 Re5 25. Rc7 Rd5 26. Nxe4 Rf5 27. Qd6 Rf8 28. Nd2 Rd5 29. Qb4 Bg4 30. Rc4 Be6 31. Rd4 Rxd4 32. Qxd4 Rc8 33. Ne4 h6 34. Nd6 Rc2 35. e4 Rxa2 36. Nxb7 Bxb3 37. Nc5 Qf3 38. Qe3 Qxe3 39. Rxe3 Be6 40. Nxe6 fxe6 41. Rc3 Kf7 42. Rc7+ Kf6 43. Rc4 1/2-1/2

[Event "Wch Seniors 65 28th"]
[Site "Bled"]
[Date "2018.11.23"]
[Round "6"]
[White "Rashkovsky, Nukhim N"]
[Black "Sveshnikov, Evgeny"]
[Result "1/2-1/2"]
[WhiteElo "2482"]
[BlackElo "2496"]
[PlyCount "27"]
[EventDate "2018.11.18"]
[EventType "swiss"]
[EventRounds "11"]
[EventCountry "SLO"]
[SourceTitle "CBM 187 Extra"]
[Source "ChessBase"]
[SourceDate "2018.11.04"]
[SourceVersion "1"]
[SourceVersionDate "2018.11.04"]
[SourceQuality "1"]

1. e4 e5 2. Nf3 Nc6 3. Nc3 Nf6 4. d4 exd4 5. Nxd4 Bb4 6. Nxc6 bxc6 7. Bd3 d5 8. exd5 cxd5 9. 0-0 0-0 10. Bg5 c6 11. Ne2 Bg4 12. f3 Be6 13. Kh1 Be7 14. Nd4 1/2-1/2

[Event "Wch Seniors 65 28th"]
[Site "Bled"]
[Date "2018.11.21"]
[Round "4"]
[White "Rashkovsky, Nukhim N"]
[Black "Maryasin, Boris Feliksovich"]
[Result "1-0"]
[WhiteElo "2482"]
[BlackElo "2284"]
[PlyCount "71"]
[EventDate "2018.11.18"]
[EventType "swiss"]
[EventRounds "11"]
[EventCountry "SLO"]
[SourceTitle "CBM 187 Extra"]
[Source "ChessBase"]
[SourceDate "2018.11.04"]
[SourceVersion "1"]
[SourceVersionDate "2018.11.04"]
[SourceQuality "1"]

1. d4 Nf6 2. Nf3 e6 3. c4 d5 4. e3 b6 5. b3 Bb7 6. Bd3 Bd6 7. Nc3 0-0 8. Qc2 a6 9. e4 dxe4 10. Nxe4 Bb4+ 11. Ke2 Nbd7 12. Rd1 Be7 13. Nxf6+ Nxf6 14. Ne5 c5 15. g4 cxd4 16. g5 Qc7 17. Bf4 Bd6 18. gxf6 Bxe5 19. Bxh7+ Kh8 20. fxg7+ Kxg7 21. Rg1+ Kh8 22. Qd3 f6 23. Bh6 f5 24. Bg6 Rg8 25. Qh3 d3+ 26. Kxd3 Rxg6 27. Rxg6 Qh7 28. Rag1 Be4+ 29. Ke2 f4 30. Bg7+ Bxg7 31. Qxh7+ Kxh7 32. Rxg7+ Kh8 33. R7g4 e5 34. Rh4+ Bh7 35. Rg5 Re8 36. Rh6 1-0

[Event "Minsk Kupreichik Memorial"]
[Site "Minsk"]
[Date "2018.06.23"]
[Round "12"]
[White "Balashov, Yuri S"]
[Black "Rashkovsky, Nukhim N"]
[Result "1/2-1/2"]
[WhiteElo "2423"]
[BlackElo "2483"]
[PlyCount "66"]
[EventDate "2018.06.21"]
[EventType "tourn (rapid)"]
[EventRounds "13"]
[EventCountry "BLR"]
[EventCategory "7"]
[SourceTitle "CBM 185 Extra"]
[Source "ChessBase"]
[SourceDate "2018.07.29"]
[SourceVersion "1"]
[SourceVersionDate "2018.07.29"]
[SourceQuality "1"]

1. d4 Nf6 2. c4 e6 3. Nf3 Bb4+ 4. Nbd2 d5 5. e3 0-0 6. a3 Bd6 7. Bd3 b6 8. 0-0 Bb7 9. b4 a5 10. b5 c5 11. bxc6 Nxc6 12. e4 dxe4 13. Nxe4 Be7 14. Be3 Rc8 15. Nxf6+ Bxf6 16. Rb1 g6 17. d5 exd5 18. Rxb6 Ba8 19. cxd5 Qxd5 20. Ba6 Qxd1 21. Rxd1 Rb8 22. a4 Rxb6 23. Bxb6 Rb8 24. Bc5 Be7 25. Bxe7 Nxe7 26. Ne5 Nc6 27. Nc4 Rb4 28. h3 Rxa4 29. Nb6 Rd4 30. Rc1 Nb4 31. Rc8+ Kg7 32. Rxa8 Nxa6 33. Rxa6 Rd6 1/2-1/2

[Event "Minsk Kupreichik Memorial"]
[Site "Minsk"]
[Date "2018.06.22"]
[Round "9"]
[White "Rashkovsky, Nukhim N"]
[Black "Kovalev, Andrei"]
[Result "0-1"]
[WhiteElo "2483"]
[BlackElo "2518"]
[PlyCount "112"]
[EventDate "2018.06.21"]
[EventType "tourn (rapid)"]
[EventRounds "13"]
[EventCountry "BLR"]
[EventCategory "7"]
[SourceTitle "CBM 185 Extra"]
[Source "ChessBase"]
[SourceDate "2018.07.29"]
[SourceVersion "1"]
[SourceVersionDate "2018.07.29"]
[SourceQuality "1"]

1. d4 Nf6 2. Nf3 g6 3. g3 Bg7 4. Bg2 0-0 5. 0-0 d6 6. a4 a5 7. Nc3 c6 8. e4 Na6 9. Re1 Nb4 10. Nb1 Qc7 11. c3 Na6 12. e5 Nd5 13. Nbd2 Bf5 14. Nc4 Rad8 15. Qe2 h6 16. Nh4 Bc8 17. f4 dxe5 18. Nxe5 Nb8 19. g4 Nd7 20. f5 g5 21. Nhf3 c5 22. h4 cxd4 23. hxg5 Nxe5 24. Nxe5 hxg5 25. cxd4 Qb6 26. Qf2 Bf6 27. Nf3 Nb4 28. Bxg5 Bxg5 29. Nxg5 Qxd4 30. Qxd4 Rxd4 31. Rxe7 Rxg4 32. Ne4 Kg7 33. Rf1 Nd5 34. f6+ Kh6 35. Nd6 Be6 36. Kh2 Rfg8 37. Rf2 Nf4 38. Nxf7+ Bxf7 39. Rxf7 Nxg2 40. Rg7 Nh4 41. Rxg4 Rxg4 42. f7 Ng6 43. f8Q+ Nxf8 44. Rxf8 Rxa4 45. Kg3 Rb4 46. Rf2 Kg5 47. Kg2 b5 48. Rd2 Rf4 49. Rd5+ Rf5 50. Rd4 Kf6 51. Kg3 Ke6 52. Rd3 a4 53. Rd4 Rd5 54. Re4+ Kd6 55. Kf3 Rd2 56. b3 Rd3+ 0-1

[Event "Minsk Kupreichik Memorial"]
[Site "Minsk"]
[Date "2018.06.21"]
[Round "3"]
[White "Rashkovsky, Nukhim N"]
[Black "Tukmakov, Vladimir B"]
[Result "1/2-1/2"]
[WhiteElo "2483"]
[BlackElo "2540"]
[PlyCount "107"]
[EventDate "2018.06.21"]
[EventType "tourn (rapid)"]
[EventRounds "13"]
[EventCountry "BLR"]
[EventCategory "7"]
[SourceTitle "CBM 185 Extra"]
[Source "ChessBase"]
[SourceDate "2018.07.29"]
[SourceVersion "1"]
[SourceVersionDate "2018.07.29"]
[SourceQuality "1"]

1. Nc3 c5 2. Nf3 d5 3. e4 d4 4. Ne2 Nc6 5. Ng3 g6 6. Bb5 Qb6 7. a4 Bg7 8. 0-0 e5 9. d3 Nge7 10. Nd2 0-0 11. Nc4 Qc7 12. a5 Be6 13. f4 exf4 14. Bxf4 Ne5 15. a6 bxa6 16. Bxa6 Rab8 17. b3 N7c6 18. Nd2 Qe7 19. Bc4 Bxc4 20. Nxc4 Nxc4 21. bxc4 Rb6 22. h3 a5 23. Qd2 Ra8 24. Ra4 Rb4 25. Rfa1 Rxa4 26. Rxa4 Qd7 27. Ra3 a4 28. Qd1 Qb7 29. Qa1 Qa6 30. h4 h5 31. Qc1 Nd8 32. e5 Ne6 33. Ne4 Rb8 34. g3 Rb4 35. Bd2 Bxe5 36. Bxb4 cxb4 37. Ra1 f5 38. Qh6 Nf8 39. Qg5 a3 40. Nd2 Kf7 41. Nf3 Bf6 42. Qd2 Qb7 43. Kf2 Ne6 44. Rb1 Be7 45. Qh6 Qc7 46. Qh7+ Ng7 47. Re1 Bf6 48. Qh6 Qd6 49. Qd2 Ne6 50. Rb1 Be7 51. Re1 Bf6 52. Rb1 Be7 53. Re1 Bf6 54. Qh6 1/2-1/2

[Event "RUS-chT Seniors"]
[Site "Sochi"]
[Date "2018.05.08"]
[Round "8.2"]
[White "Rashkovsky, Nukhim N"]
[Black "Karasev, Vladimir I"]
[Result "1-0"]
[WhiteElo "2486"]
[BlackElo "2336"]
[PlyCount "85"]
[EventDate "2018.05.01"]
[EventType "team-tourn"]
[EventRounds "10"]
[EventCountry "RUS"]
[SourceTitle "EXT 2019"]
[Source "ChessBase"]
[SourceDate "2018.10.10"]
[SourceVersion "1"]
[SourceVersionDate "2018.10.10"]
[SourceQuality "1"]
[WhiteTeam "Sima Lend"]
[BlackTeam "St Petersburg Bronze Horseman"]
[WhiteTeamCountry "RUS"]
[BlackTeamCountry "RUS"]

1. d4 d5 2. Nf3 Nf6 3. c4 dxc4 4. e3 e6 5. Bxc4 a6 6. 0-0 b5 7. Be2 Nbd7 8. a4 b4 9. Nbd2 c5 10. e4 cxd4 11. e5 Nc5 12. Re1 d3 13. Bf1 Nfd7 14. Nc4 Bb7 15. Bg5 Qc7 16. Rc1 h6 17. Bh4 g5 18. Bg3 Bxf3 19. Qxf3 Qb7 20. Qxb7 Nxb7 21. Bxd3 Nbc5 22. Be2 Be7 23. Red1 Nb3 24. Rc2 Bc5 25. Nd6+ Ke7 26. Bc4 Na5 27. Bf1 Rhd8 28. h4 Ra7 29. hxg5 hxg5 30. Ne4 Bb6 31. Nxg5 Nc5 32. Rd6 Rxd6 33. exd6+ Kf6 34. Rxc5 Bxc5 35. Ne4+ Kf5 36. Nxc5 Nc6 37. Bxa6 e5 38. Bd3+ Kg4 39. Be4 Nd8 40. Bxe5 Ra5 41. Bd4 f5 42. Bf3+ Kg5 43. b3 1-0

[Event "RUS-chT Seniors"]
[Site "Sochi"]
[Date "2018.05.01"]
[Round "1.2"]
[White "Rashkovsky, Nukhim N"]
[Black "Sabaev, Evgueni"]
[Result "1/2-1/2"]
[WhiteElo "2486"]
[BlackElo "2125"]
[PlyCount "37"]
[EventDate "2018.05.01"]
[EventType "team-tourn"]
[EventRounds "10"]
[EventCountry "RUS"]
[SourceTitle "EXT 2019"]
[Source "ChessBase"]
[SourceDate "2018.10.10"]
[SourceVersion "1"]
[SourceVersionDate "2018.10.10"]
[SourceQuality "1"]
[WhiteTeam "Sima Lend"]
[BlackTeam "Tatarstan Castle"]
[WhiteTeamCountry "RUS"]
[BlackTeamCountry "RUS"]

1. d4 e6 2. Nf3 f5 3. h3 Nf6 4. g4 d5 5. Rg1 c6 6. Ne5 Nbd7 7. Nd2 Nxe5 8. dxe5 Ne4 9. e3 Qh4 10. Qe2 Bd7 11. Nf3 Qe7 12. Bd2 g6 13. 0-0-0 Nxd2 14. Qxd2 Qb4 15. Qe2 Qe7 16. Qd2 Qb4 17. Qe2 Qe7 18. Qd2 Qb4 19. Qe2 1/2-1/2

[Event "Cheliabinsk Kurnosov Memorial rapid"]
[Site "Cheliabinsk"]
[Date "2017.09.09"]
[Round "7"]
[White "Stupak, Kirill"]
[Black "Rashkovsky, Nukhim N"]
[Result "1-0"]
[WhiteElo "2579"]
[BlackElo "2486"]
[PlyCount "91"]
[EventDate "2017.09.08"]
[EventType "swiss (rapid)"]
[EventRounds "11"]
[EventCountry "RUS"]
[SourceTitle "CBM 180 Extra"]
[Source "ChessBase"]
[SourceDate "2017.10.06"]
[SourceVersion "1"]
[SourceVersionDate "2017.10.06"]
[SourceQuality "1"]

1. d4 Nf6 2. g3 d6 3. Bg2 e5 4. dxe5 dxe5 5. Qxd8+ Kxd8 6. f4 Bb4+ 7. c3 Bc5 8. fxe5 Ng4 9. Nf3 Nc6 10. Bf4 h6 11. h3 Ne3 12. Bxe3 Bxe3 13. Na3 Ke7 14. Nc2 Bb6 15. Ncd4 Bd7 16. 0-0-0 Rad8 17. Nh4 g6 18. Nxc6+ bxc6 19. Rd3 Be6 20. b3 g5 21. Nf3 Bf5 22. Rdd1 Be3+ 23. Kb2 c5 24. Nh2 Ke6 25. g4 Bg6 26. Bc6 Bf4 27. Nf3 Bxe5 28. Bb5 Bf6 29. Bd3 h5 30. Bxg6 fxg6 31. Kc2 hxg4 32. hxg4 Rxd1 33. Rxd1 Rh3 34. Kd3 Be7 35. Ke4 c6 36. Kd3 Rg3 37. Rg1 Rh3 38. Kc4 Rh8 39. Rd1 Rh3 40. Rd3 Rh1 41. Re3+ Kf6 42. Ne5 Rg1 43. Re4 Bd6 44. Nxc6 Bf4 45. e3 Re1 46. Nxa7 1-0

[Event "RUS-chT Seniors"]
[Site "Sochi"]
[Date "2017.05.10"]
[Round "10.2"]
[White "Rashkovsky, Nukhim N"]
[Black "Mishuchkov, Nikolai Mikhailovic"]
[Result "1-0"]
[WhiteElo "2499"]
[BlackElo "2321"]
[PlyCount "55"]
[EventDate "2017.05.01"]
[EventType "team-tourn"]
[EventRounds "10"]
[EventCountry "RUS"]
[SourceTitle "CBM 178 Extra"]
[Source "ChessBase"]
[SourceDate "2017.06.22"]
[SourceVersion "1"]
[SourceVersionDate "2017.06.22"]
[SourceQuality "1"]

1. d4 Nf6 2. Nf3 e6 3. e3 c5 4. c4 cxd4 5. exd4 d5 6. Nc3 Nc6 7. c5 Be7 8. Bb5 0-0 9. 0-0 Qc7 10. Re1 Nd7 11. Nxd5 exd5 12. Bxc6 bxc6 13. Rxe7 Qd8 14. Qe1 Nf6 15. Bg5 Be6 16. Bxf6 gxf6 17. Rb7 Bc8 18. Rb3 Re8 19. Re3 Bg4 20. Qd2 Bxf3 21. Rxf3 Re6 22. Re1 Qe7 23. Ree3 Re8 24. h3 Rxe3 25. Rxe3 Qd7 26. Rg3+ Kf8 27. Qh6+ Ke7 28. Re3+ 1-0

[Event "RUS-chT Seniors final"]
[Site "Sochi"]
[Date "2016.05.09"]
[Round "8.1"]
[White "Sabaev, Evgueni"]
[Black "Rashkovsky, Nukhim N"]
[Result "0-1"]
[WhiteElo "2129"]
[BlackElo "2515"]
[PlyCount "120"]
[EventDate "2016.05.01"]
[EventType "team-tourn"]
[EventRounds "9"]
[EventCountry "RUS"]
[SourceTitle "EXT 2018"]
[Source "ChessBase"]
[SourceDate "2017.10.13"]
[SourceVersion "1"]
[SourceVersionDate "2017.10.13"]
[SourceQuality "1"]
[WhiteTeam "Tatarstan Castle"]
[BlackTeam "Ekaterinburg Malachite"]
[WhiteTeamCountry "RUS"]
[BlackTeamCountry "RUS"]

1. Nf3 Nf6 2. c4 d6 3. d4 Bg4 4. Qb3 Bxf3 5. Qxf3 Nc6 6. e3 g6 7. Nc3 Bg7 8. Qd1 0-0 9. Be2 e5 10. d5 Ne7 11. e4 Nd7 12. 0-0 f5 13. Bd2 Nf6 14. f3 h5 15. b4 f4 16. c5 g5 17. Rc1 Kh8 18. a4 Rg8 19. a5 Bf8 20. cxd6 cxd6 21. Nb5 Ne8 22. Be1 a6 23. Nc3 Nf6 24. Kh1 Ng6 25. Na4 g4 26. Nb6 Rb8 27. Rc4 gxf3 28. Bxf3 Qe7 29. Bxh5 Qh7 30. Bf3 Re8 31. Qe2 Re7 32. Bf2 Nh4 33. Bxh4 Qxh4 34. Qf2 Rg3 35. Rfc1 Rh7 36. Qg1 Ng4 37. Bxg4 Qxg4 38. R4c3 Qg6 39. Qf2 Rxc3 40. Rxc3 Qxe4 41. h3 Qxb4 42. Rc8 Qb1+ 43. Kh2 Qf5 44. Qc2 e4 45. Re8 Re7 46. Rxe7 Bxe7 47. Qc7 Bf8 48. Qd8 Kh7 49. Qh4+ Kg8 50. Qd8 f3 51. Nd7 f2 52. Nxf8 Qxf8 53. Qg5+ Kf7 54. Qf5+ Ke8 55. Qxe4+ Qe7 56. Qc4 Qe1 57. Qc8+ Ke7 58. Qc7+ Kf6 59. Qxd6+ Kf5 60. g4+ Ke4 0-1

[Event "RUS-chT Seniors final"]
[Site "Sochi"]
[Date "2016.05.05"]
[Round "5.4"]
[White "Sveshnikov, Evgeny"]
[Black "Rashkovsky, Nukhim N"]
[Result "1/2-1/2"]
[WhiteElo "2504"]
[BlackElo "2515"]
[PlyCount "79"]
[EventDate "2016.05.01"]
[EventType "team-tourn"]
[EventRounds "9"]
[EventCountry "RUS"]
[SourceTitle "EXT 2018"]
[Source "ChessBase"]
[SourceDate "2017.10.13"]
[SourceVersion "1"]
[SourceVersionDate "2017.10.13"]
[SourceQuality "1"]
[WhiteTeam "Belorechensk Univ"]
[BlackTeam "Ekaterinburg Malachite"]
[WhiteTeamCountry "RUS"]
[BlackTeamCountry "RUS"]

1. d4 d5 2. c4 c6 3. cxd5 cxd5 4. Nf3 Nf6 5. Nc3 Nc6 6. Bf4 Bf5 7. e3 e6 8. Bd3 Bxd3 9. Qxd3 Bd6 10. Bxd6 Qxd6 11. 0-0 0-0 12. Rfc1 Rfc8 13. a3 Ne7 14. Ne2 Rxc1+ 15. Rxc1 Rc8 16. Rxc8+ Nxc8 17. Nc3 a6 18. Ne5 Nd7 19. Nxd7 Qxd7 20. Nb1 Qc6 21. Qc3 Ne7 22. Qxc6 Nxc6 23. b4 Kf8 24. Nc3 Ke7 25. Kf1 b5 26. Ke2 f5 27. f4 h6 28. h4 h5 29. g3 g6 30. Kd3 Kd6 31. Kc2 Kc7 32. Kb3 Kb6 33. a4 Nb8 34. axb5 axb5 35. Nd1 Nc6 36. Nc3 Nb8 37. Nd1 Nc6 38. Nc3 Nb8 39. Nd1 Nc6 40. Nc3 1/2-1/2